000 00670cam a2200229 a 4500
001 000001236
005 20200929145521.0
008 750122s1999 sp 000 p spa d
020 _z8437600006
040 _aDO-SdBNP
_bspa
_cBNPHU
082 _a861.6
_bO87v, 1999
100 1 _aOtero, Blas de,
_d1916-1979
_94207
245 1 0 _aVerso y prosa /
_cBlas de Otero ; epílogo de Sabina de la Cruz.
250 _a21a ed.
260 _aMadrid :
_bCátedra,
_c1999.
300 _a134 p. ;
_c18 cm.
490 1 _aLetras hispánicas
_v3
650 4 _aPoesía española
_9631
650 4 _aLiteratura española
_9632
830 0 _aLetras hispánicas ;
_v3
_94208
049 _aBNGR
999 _c1183
_d1183